000 01181nam a2200265 a 4500
001 000020678
003 DO-SdBNP
005 20211028145504.0
007 ta
008 100812s2018 r 000 0 spa d
020 _a9789945141351
040 _aDO-SdBNP
_bspa
_cBNPHU
082 4 _222
_bG875L
100 1 _aGromosaukas Paul, Elena Wanda de
_943431
245 1 3 _aLa voz :
_bciencia y arte, /
_c Elena Wanda Gromosaukas de Paul ; prólogo Eduardo Mejía Jabid.
260 _aSanto Domingo :
_bCorripio,
_c2018.
300 _a408 p. :
_bil., retrs. ;
_c23 cm.
504 _aBibliografía : p. 389-405
505 _aPrólogo --
_tLa voz: ciencia y arte --
_t ¿Qué se entiende por higiene vocal? --
_tLa respiración --
_tLa articulación --
_tEl lenguaje oral --
_tMétodos de relajación –
_tEvaluación de la voz –
_t Recomendaciones generales –
_tConclusiones –
_tBibliografía --
_tEpílogo : La voz en el arte de la expresión /
_rBruno Rosario Candelier.
590 _aLa biblioteca posee 1 ejemplar autografiado por la autora.
590 _aInventariado, 2021/BT
700 1 _aMejía Jabid, Eduardo,
_epról.
_976570
910 _aMF
942 _2ddc
_cLF1
999 _c20182
_d20182